000 00669nam a2200205Ii 4500
003 JO-AjNU
008 230605s9999||||xx |||||||||||||| ||und||
040 _aJO-AjNU
_bara
_erda
_cJO-AjNU
041 _aara
050 1 4 _aQA76.76 2006
100 3 _aمركز نيو فيجن للتدريب ,
_eauthor
_917669
245 0 0 _aتطبيقات مايكروسوفت برنامج التاهيل الوظيفي-ادارة المكاتب
250 _aط1
264 3 1 _aالمؤلف د.م ، 2006
300 _a59ص
336 _atext
_btxt
_2rdacontent
337 _aunmediated
_bn
_2rdamedia
338 _avolume
_bnc
_2rdacarrier
650 4 _aتطبيقات حاسوب
_917670
999 _aA5509
_c9077
_d9077